Agrární námluvy Zemědělství Evropské unie a České republiky

Rozšírenie EÚ smerom na východ - oblasť poľnohospodárstva. Súhrnné hodnotenie východoeurópskeho poľnohospodárskeho sektora, problematika spoločnej poľnohospodárskej politiky EÚ a hlavné problémy českého poľnohospodárstva súvisiace s integráciou ČR do EÚ. Pomoc PHARE poľnohospodárstvu krajín SVE. Pro...

Ausführliche Beschreibung

Gespeichert in:
Bibliographische Detailangaben
1. Verfasser: Zukal, Jiří
Weitere Verfasser: Trchová, Š., Dostálová, Ivana
Format: Buchkapitel
Sprache:Tschechisch
Schlagworte:
Tags: Tag hinzufügen
Keine Tags, Fügen Sie das erste Tag hinzu!

MARC

LEADER 00000naa a2200000 4500
001 r020054
005 20230920091642.7
041 0 |a cze 
044 |a CZ 
245 1 0 |a Agrární námluvy  |b Zemědělství Evropské unie a České republiky  |c Jiří Zukal, Ivana Dostálová, Š. Trchová 
520 |a Rozšírenie EÚ smerom na východ - oblasť poľnohospodárstva. Súhrnné hodnotenie východoeurópskeho poľnohospodárskeho sektora, problematika spoločnej poľnohospodárskej politiky EÚ a hlavné problémy českého poľnohospodárstva súvisiace s integráciou ČR do EÚ. Pomoc PHARE poľnohospodárstvu krajín SVE. Problémy pri približovaní poľnohospodárskeho sektora krajín SVE spoločnej poľnohospodárskej politike krajín EÚ. 
610 2 0 |a poľnohospodárstvo 
610 2 0 |a politika poľnohospodárska 
610 2 0 |a integrácia ekonomická 
610 2 0 |a Európska únia 
610 2 0 |a stredná Európa 
610 2 0 |a východná Európa 
610 2 0 |a Česko 
100 1 |a Zukal, Jiří 
700 1 |a Trchová, Š. 
700 1 |a Dostálová, Ivana